000 00197 a2200097 4500
020 _a9780061921599
041 _aeng
100 _aNumeroff,Laura
245 _aIf you Give a PIg a Party
942 _cBK
999 _c31524
_d31522